000 01037nam a2200313 i 4500
001 bg
003 BPK
005 20220324132725.0
008 050607s2005 pl a f f |000 0 pol
015 _aPB 2005/11168
020 _a8372071284
040 _aWA N
_cBPK
041 0 _apol
080 _a624.15
080 _a(075.8)
100 1 _aGrabowski, Zbigniew.
245 1 0 _aFundamentowanie /
_cZbigniew Grabowski, Stanisław Pisarczyk, Marek Obrycki.
250 _aWyd. 5.
260 _aWarszawa :
_bOficyna Wydawnicza Politechniki Warszawskiej,
_c2005.
300 _a227 s. :
_brys., wykr. ;
_c24 cm.
504 _aBibliogr. s. 226-227.
655 4 _aPodręczniki akademickie
650 4 _aFundamenty
710 2 _aPolitechnika Warszawska.
_bOficyna Wydawnicza.
_4pbl.
700 1 _aPisarczyk, Stanisław
_d(1937- )
_eAutor
700 1 _aObrycki, Marek
_eAutor
856 4 1 _uhttp://koha.tu.koszalin.pl/cgi-bin/koha/opac-detail.pl?biblionumber=52248
_yKatalog online BPK
942 _2UKD
_cKS
999 _c52248
_d52248